000 00357nam a2200133Ia 4500
008 240624s9999 xx 000 0 und d
041 _aeng
082 _a331.793 MCD
100 _aMCDOWELL LINDA
245 _aWORKING BODIES INTERACTIVE SERVICE EMPLO
260 _c2009
_aNew Jersey
_bWiley-BlackWell
300 _aix, : 272 : p. : cm. ; 22
365 _c
_b30
999 _c14909
_d14909